Responses for Show #1434 - Thursday, November 22, 1990

Steve Robin game 3.

Contestants

[<< previous game]

Danny Shapiro, a gynecologist originally from Miami, Florida

Michele Barkalow, a physical therapist from Doylestown, Pennsylvania

Steve Robin, a marketing director from Scottsdale, Arizona (whose 2-day cash winnings total $16,100)

[next game >>]

Jeopardy! Round responses

GIRLS IN SONG
COLLEGES & UNIVERSITIES
ODD JOBS
3-LETTER WORDS
INDIANS
THANKSGIVING
    $100 1
Eleanor Rigby

Michele
    $100 6
UCLA

Steve
    $100 16
scrimshaw

Steve
    $100 26
(Steve: What is Shinto?)
(Danny: What is Tao?)

Zen

SteveDanny
Triple Stumper
    $100 11
Apache

Steve
    $100 21
turkey

Danny
    $200 2
Hard Hearted Hannah

Steve
    $200 7
Illinois

Steve
    $200 17
(Steve: What is a grip?)

gaffer

SteveDanny
    $200 12
England

Steve
    $200 22
(Alex: Right, and we have a minute to go.)

Abraham Lincoln

Michele
    $300 3
Honey

Steve
    $300 8
Penn St.

Michele
    $300 18
cobbler

Danny
    $300 13
corn (maize)

Michele
    $300 23
Roosevelt

Michele
    $400 4
Maggie May

Michele
    $400 9
Arizona St. University

Steve
    $400 19
barnstormers

Steve
    $400 28
(Danny: What is an ace?)
[The end-of-round signal sounds.]

let

MicheleDanny
    $400 14
Cherokee

Steve
    $400 24
(Steve: What is "We Gather Together"?)
...
(Alex: [*]. Where do we wind up, Michele?)
(Michele: To grandmother's house we go.)
(Alex: You're right!)

"Over the River and Through the Woods"

Steve
Triple Stumper
    $500 5
Sweet Caroline

Steve
    $700 10
(Steve: What is Purdue?)

University of Notre Dame

Steve
    $500 20
premier danseur

Steve
    $500 27
née

Steve
    $500 15
Massasoit

Triple Stumper
    $500 25
(William) Bradford

Michele

Scores at the first commercial break (after clue 15):

Steve Michele Danny
$1,700 $1,100 $0

Scores at the end of the Jeopardy! Round:

Steve Michele Danny
$2,500 $2,500 $100

Double Jeopardy! Round responses

"S"CIENCE
POETRY
CLASSICAL MUSIC
EARLY AMERICA
EUROPEAN CITIES
LEGAL QUOTATIONS
    $200 1
solstice

Danny
    $200 18
(Steve: What's the lotus?)

chrysanthemum

Steve
Triple Stumper
    $200 4
(Michele: Who is Casals?)
...
(Alex: [*], yes. Casals was the cellist.)

Andrés Segovia

SteveMichele
    $200 15
Betsy Ross

Steve
    $200 5
Helsinki

Danny
    $200 26
possession

Michele
    $400 2
sucrose

Michele
    $400 19
poppies

Michele
    $1,100 11
The Magic Flute

Steve
    $400 16
St. Patrick's Day parade

Steve
    $400 6
Oslo

Steve
    $600 3
supergiant

Triple Stumper
    $600 20
daffodils

Michele
    $600 12
Stravinsky

Michele
    $600 17
Ethan Allen

Michele
    $1,000 7
Strasbourg & Luxembourg

Steve
    $600 29
...
[time's up signal]
(Alex: I guess Mr. Bumble said, "a ass, a idiot and I made it sound better.)
[Laughter.]

Dickens

Steve
    $800 10
stratosphere

Steve
    $800 21
Tennyson

Michele
    $800 13
Liszt

Steve
    $800 24
Conestoga

Danny
    $800 8
(Steve: What is Latvia?)

Estonia

Steve
Triple Stumper
    $800 28
(Michele: What is the law of the west?)

the jungle

Michele
Triple Stumper
    $1000 23
(Steve: What is evaporation?)
...
(Alex: We have a minute to go, Danny.)

sublimate (sublimation)

SteveDanny
    $1000 22
The Faerie Queene

Michele
    $1000 14
(Steve: Who is Haydn?)

Johann Sebastian Bach

Steve
Triple Stumper
    $1000 25
Tennessee

Steve
    $1000 9
Trieste

Danny
    $1000 27
(Oliver Wendell) Holmes

Michele

Scores at the end of the Double Jeopardy! Round:

Steve Michele Danny
$6,000 $7,100 $3,300

[wagering suggestions for these scores]

Final Jeopardy! Round responses

TRAVEL & TOURISM
DannyWho is Fodor
$1,000
SteveWho was Cook?
$6,000
MicheleWho was Michelin?
$5,000
Thomas Cook

Final scores:

Steve Michele Danny
$12,000 $2,100 $2,300
3-day champion: $28,100 3rd place: Whirpool freezer + The Jeopardy! Book + Jeopardy! home game or computerized version 2nd place: Dresher brass bed & Norman's of Salisbury bedding ensemble + The Jeopardy! Book + Jeopardy! home game or computerized version

Game dynamics:

Coryat scores:

Steve Michele Danny
$5,600 $7,100 $3,300
23 R
(including 2 DDs),
8 W
(including 1 DD)
17 R,
2 W
8 R,
2 W

Combined Coryat: $16,000

[game clues] [game scores] [suggest correction]

Game tape date: 1990-09-11
The J! Archive is created by fans, for fans. Scraping, republication, monetization, and malicious use prohibited; this site may use cookies and collect identifying information. See terms. The Jeopardy! game show and all elements thereof, including but not limited to copyright and trademark thereto, are the property of Jeopardy Productions, Inc. and are protected under law. This website is not affiliated with, sponsored by, or operated by Jeopardy Productions, Inc. Join the discussion at JBoard.tv.